LEADER 00933nam a2200205 i 4500 001 000000143683 003 CaOOAMICUS 005 20051010000000.0 008 051010s1932 it u000 u eng u 013 $a119041 040 $aSeMil$bita 100 1 $aForbes, Frances Alice <1869-1936>.$0(OLS)http://semarc/name/57591 245 10$aRafael, Cardinal Merry Del Val :$ba character sketch /$cby F. A. Forbes. 260 $aLondon ; New York ; Toronto :$bLongmans, Green and Co.,$c1932. 300 $aXI, 178 p., [2] p. di tav. ;$c23 cm. 650 4$aMerry del Val, Raffaele .$0(OLS)http://semarc/subject/11981 850 $aSeMil 852 $aSeMil$W1$xVenegono$y1$m663 57 *$j96737$B96737$CSeMilBibl$Z2$F104107 $81 996 $6245$aRafael, Cardinal Merry Del Val :$ba character sketch$9(OLS)http://semarc/title/210288 996 $6260$aLondon ; New York ; Toronto :$bLongmans, Green and Co.$9(OLS)http://semarc/publisher/42469 LEADER 00697nab a2200181 i 4500 001 000000279872 003 CaOOAMICUS 005 20130923000000.0 008 130923n xx uu u0 0und r 013 $a31649 020 $a978-2-13-061834-8 040 $aSeMil$bita 245 10$aLittérature et philosophie. - Contiene :$bBulletin de philosophie ancienne. 500 $aJUILLET-SEPTEMBRE 2013. 773 0 $t[2013].$dParis : PUF, copyr. 2013.$w()219781 774 0 $tBulletin de philosophie ancienne.$w()320582 996 $6020$a978-2-13-061834-8$9(OLS)http://semarc/number/267852 996 $6245$aLittérature et philosophie. - Contiene :$bBulletin de philosophie ancienne.$9(OLS)http://semarc/title/363267